|
|
|
|
| LEADER |
00000nam a2200000 a 4500 |
| 001 |
vtls001075900 |
| 003 |
SK-MaSNL |
| 005 |
20260301153144.0 |
| 008 |
250414s1994 xo 0 slo |
| 015 |
|
|
|a SNBA1994/08
|
| 020 |
|
|
|a 800802321X
|
| 035 |
|
|
|a SNK000018733
|
| 040 |
|
|
|a SNK
|b slo
|c SNK
|e AACR2
|
| 041 |
0 |
|
|a slo
|
| 044 |
|
|
|a xo
|c SK
|
| 080 |
|
|
|a 517.5(075.3)
|2 1981
|
| 100 |
1 |
|
|a Odvárko, Oldřich,
|d 1938-
|4 aut
|9 260432
|
| 245 |
1 |
0 |
|a Funkcie 1 pre 1. ročník gymnázií
|c Oldřich Odvárko ; Prel. Júlia Lukátšová
|
| 250 |
|
|
|a 3. vyd.
|
| 260 |
|
|
|a Bratislava
|b Slovenské pedagogické nakladateľstvo
|c 1994
|e Bratislava
|f Svornosť
|
| 300 |
|
|
|a 115 s.
|b Sch., tab.
|c 21 cm
|
| 500 |
|
|
|a Schválilo MŠM a Tv SSR
|
| 655 |
|
7 |
|a učebnice
|2 SNK
|9 22521
|
| 700 |
1 |
|
|a Lukátšová, Júlia
|4 trl
|9 6303
|
| 852 |
|
|
|a Slovenská národná knižnica
|
| 919 |
|
|
|a 80-08-02321-X
|
| 954 |
|
|
|a funkcie (matem.)
|
| 958 |
|
|
|a TL
|
| 958 |
|
|
|a OP
|
| 958 |
|
|
|a NS
|
| 958 |
|
|
|a UC
|
| 958 |
|
|
|a CZ
|
| 968 |
|
|
|b ČES
|d Z čes. orig.
|
| 999 |
|
|
|c 791749
|d 793679
|
| 952 |
|
|
|t P60, <04>, [BOOK], {604}
|a SNK
|b SNK
|y VYP
|7 0
|p 17A0243678
|o snkSC 86308 D1
|0 0
|1 0
|4 0
|d 2000-06-15
|l 0
|r 2004-12-31 00:00:00
|w 2026-02-24
|